| 000 | 01370nam a2200421 i 4500 | ||
|---|---|---|---|
| 001 | 38153 | ||
| 003 | KOSZ 005 | ||
| 005 | 20220112133506.0 | ||
| 008 | 000824s2000 pl a |000 0 pol | ||
| 015 | _aPB 2001/2681 | ||
| 020 | _a8372071926 | ||
| 035 | _a(OCoLC)749550361 | ||
| 040 |
_aWA N _cWA N _dKOSZ 005/HR |
||
| 041 | 0 | _apol | |
| 046 | _k2000 | ||
| 080 | _a005.6 | ||
| 080 | _a658.56 | ||
| 080 | _a(075.8) | ||
| 100 | 1 |
_aDwiliński, Lech _d(1939- ) _eAutor |
|
| 245 | 1 | 0 |
_aZarządzanie jakością i niezawodnością wyrobów / _cLech Dwiliński. |
| 260 |
_aWarszawa : _bOficyna Wydawnicza Politechniki Warszawskiej, _c2000. |
||
| 300 |
_a268, [1] s. : _bil. ; _c24 cm. |
||
| 336 |
_2rdacontent _aTekst _btxt |
||
| 337 |
_2rdamedia _aBez urządzenia pośredniczącego _bn |
||
| 338 |
_2rdacarrier _aWolumin _bnc |
||
| 380 | _aKsiążki | ||
| 380 | _aPublikacje dydaktyczne | ||
| 385 |
_mPoziom nauczania _aSzkoły wyższe |
||
| 388 | _a1901-2000 | ||
| 388 | _a1989-2000 | ||
| 504 | _aBibliogr. | ||
| 650 | 4 | _aZarządzanie jakością | |
| 655 | 4 | _aPodręczniki akademickie | |
| 658 | _aZarządzanie i marketing | ||
| 710 | 2 |
_aOficyna Wydawnicza Politechniki Warszawskiej _4pbl. |
|
| 856 |
_uhttp://koha.tu.koszalin.pl/cgi-bin/koha/opac-detail.pl?biblionumber=38153 _yKatalog online BPK |
||
| 942 |
_2UKD _cKS |
||
| 999 |
_c38153 _d38153 |
||